|
|
|
|
| LEADER |
00000cam a2200000 7i4500 |
| 001 |
0000077939 |
| 005 |
20180122.0 |
| 008 |
180122 |
| 020 |
|
|
|a 9789830534695(set)
|
| 020 |
|
|
|a 9789830534756
|
| 090 |
0 |
0 |
|a JF
|b MAL
|
| 100 |
1 |
|
|a Abisha Naim
|
| 245 |
1 |
0 |
|a Maafkan kami cikgu
|c Abisha Naim
|
| 260 |
|
|
|a Kuala Lumpur :
|b Pustaka Prinsip Sdn.Bhd ,
|c 2008
|
| 300 |
|
|
|a 28p. :
|b .ill.
|
| 490 |
1 |
|
|a Siri sekolahku Sayang
|
| 500 |
|
|
|a Children ages 7-9 years old (orange)
|
| 650 |
|
0 |
|a Malay language
|x Readers
|x Fiction
|
| 999 |
|
|
|a 0001072056
|b Book
|c Children Collection
|e Cawangan Mersing
|
| 999 |
|
|
|a 0001072097
|b Book
|c Children Collection
|e Cawangan Taman Universiti
|